[Event "K41 Foraars EMT Gruppe C 2010"]
[Site "Valby"]
[Date "2010.03.09"]
[Round "1"]
[White "Christensen, Aage Niels"]
[Black "Krogh, Soren"]
[Result "1-0"]
[WhiteElo "1479"]
[BlackElo "1309"]
[PlyCount "91"]
[EventDate "2010.??.??"]

1. e4 e5 2. Nc3 Nc6 3. Bc4 Nf6 4. d3 Bc5 5. Bg5 d6 6. Qd2 a6 7. Nd5 Be6 8. Bxf6
gxf6 9. Qh6 Bxd5 10. Bxd5 Qe7 11. Nf3 O-O-O 12. Qd2 Rdg8 13. Bxc6 bxc6 14. Nh4
Bb6 15. Nf5 Qf8 16. g3 Rg6 17. a4 Rhg8 18. Ra3 Kd7 19. Rb3 h5 20. a5 Ba7 21.
Qb4 Bc5 22. Qc4 Ba7 23. Qxa6 Qa8 24. Qc4 Qf8 25. Rc3 c5 26. b4 Rg4 27. b5 Bb8
28. Qd5 Kc8 29. a6 Kd7 30. Qb7 Qc8 31. Qc6+ Kd8 32. Nh6 R4g6 33. Nxg8 Rxg8 34.
Ra3 Ba7 35. Qb7 Qxb7 36. axb7 Bb8 37. Ke2 Ke7 38. Rha1 f5 39. exf5 Kf6 40. Ra8
Kxf5 41. R1a4 d5 42. R4a6 f6 43. Rc6 e4 44. Rxc7 exd3+ 45. Kxd3 c4+ 46. Kd2 1-0

[Event "K41 Foraars EMT Gruppe C 2010"]
[Site "Valby"]
[Date "2010.03.09"]
[Round "1"]
[White "Mikkelsen, Henning Peter"]
[Black "Jorgensen, Orla Eilegaard"]
[Result "1-0"]
[WhiteElo "1351"]
[BlackElo "1543"]
[PlyCount "61"]
[EventDate "2010.??.??"]

1. d4 d5 2. e4 dxe4 3. Nc3 Nf6 4. f3 exf3 5. Nxf3 Bg4 6. Bc4 e6 7. O-O c6 8.
Bg5 Be7 9. Kh1 Nbd7 10. Qe1 Nb6 11. Bb3 Bxf3 12. Rxf3 Qxd4 13. Rd1 Qc5 14. Be3
Qe5 15. Qh4 Nbd5 16. Bd4 Qc7 17. Qg5 O-O-O 18. Na4 Rhg8 19. c4 Ne4 20. Qc1 Bg5
21. Qc2 Ndf6 22. Bxa7 Rxd1+ 23. Qxd1 Nd7 24. Rxf7 Nd6 25. Nb6+ Kd8 26. Rxd7+
Qxd7 27. Nxd7 Kxd7 28. c5 Be7 29. cxd6 Bxd6 30. Bc5 Rf8 31. Qxd6+ 1-0

[Event "K41 Foraars EMT Gruppe C 2010"]
[Site "Valby"]
[Date "2010.03.09"]
[Round "1"]
[White "Nielsen, Soren Skovso"]
[Black "Olsen, Kim"]
[Result "1-0"]
[WhiteElo "1544"]
[BlackElo "1421"]
[PlyCount "86"]
[EventDate "2010.??.??"]

1. e4 c5 2. Nf3 d6 3. Be2 g6 4. c3 Bg7 5. d3 Nc6 6. O-O Nf6 7. d4 cxd4 8. cxd4
Nxe4 9. d5 Nb8 10. Qa4+ Nd7 11. Qxe4 O-O 12. Nc3 Nc5 13. Qc2 Bf5 14. Qd1 Rc8
15. Nd4 Bd7 16. Be3 a6 17. b4 e5 18. bxc5 exd4 19. Bxd4 dxc5 20. Bxg7 Kxg7 21.
Bf3 b5 22. d6 Bc6 23. Bxc6 Rxc6 24. d7 Rc7 25. Qd6 Qxd7 26. Qxa6 Re8 27. Qxb5
Qe6 28. Qb2 Kg8 29. g3 Qc6 30. Nd1 Rb7 31. Qc2 Re4 32. Ne3 Qe6 33. Qxc5 Reb4
34. a4 Rb8 35. Nd5 Re4 36. Ne3 Re5 37. Qd4 Re4 38. Qd2 Re5 39. a5 Ra8 40. Ra3
Rb5 41. Qd3 Qa6 42. Nd5 Qb7 43. Nf6+ Kf8 1-0

[Event "K41 Foraars EMT Gruppe C 2010"]
[Site "Valby"]
[Date "2010.03.09"]
[Round "1"]
[White "Nissen, Kaspar"]
[Black "Mariager, Ruth"]
[Result "1-0"]
[WhiteElo "1441"]
[BlackElo "1000"]
[PlyCount "33"]
[EventDate "2010.??.??"]

1. Nf3 d5 2. g3 Nf6 3. Bg2 e6 4. d4 Nc6 5. O-O Bd6 6. c4 b6 7. a3 Ba6 8. Qa4
O-O 9. Qxa6 Na5 10. Nbd2 Qc8 11. Qxc8 Raxc8 12. cxd5 Nxd5 13. b4 Nc6 14. Bb2
Nce7 15. e4 Nf6 16. e5 Bxe5 17. dxe5 1-0

[Event "K41 Foraars EMT Gruppe C 2010"]
[Site "Valby"]
[Date "2010.03.09"]
[Round "1"]
[White "Wadtland, Flemming"]
[Black "Gjelstrup, Ole"]
[Result "0-1"]
[WhiteElo "1220"]
[BlackElo "1472"]
[PlyCount "46"]
[EventDate "2010.??.??"]

1. c4 e5 2. b3 Nc6 3. e3 g6 4. Bb2 Bg7 5. Na3 Nge7 6. Bc3 a5 7. Nc2 O-O 8. Nf3
d5 9. Be2 d4 10. exd4 exd4 11. Nfxd4 Nxd4 12. Nxd4 Bxd4 13. O-O Nf5 14. Rc1 Qg5
15. Kh1 Bc5 16. f4 Qh4 17. Rf3 Nh6 18. Be5 Ng4 19. h3 Nf2+ 20. Rxf2 Bxf2 21.
Rc3 Bf5 22. Bxc7 Rfe8 23. d4 Bg4 0-1

[Event "K41 Foraars EMT Gruppe C 2010"]
[Site "Valby"]
[Date "2010.03.16"]
[Round "2"]
[White "Gjelstrup, Ole"]
[Black "Nielsen, Soren Skovso"]
[Result "1-0"]
[WhiteElo "1472"]
[BlackElo "1544"]
[PlyCount "85"]
[EventDate "2010.??.??"]

1. e4 e5 2. Nc3 Nf6 3. f4 d6 4. Nf3 exf4 5. d4 Be7 6. Bxf4 O-O 7. Bc4 Nbd7 8.
O-O c6 9. Qe1 d5 10. exd5 Nb6 11. Bd3 Nbxd5 12. Be5 Ng4 13. Nxd5 cxd5 14. Qg3
Nxe5 15. Nxe5 Bh4 16. Qf3 Be6 17. Qh5 h6 18. Nf3 Bf6 19. c3 Qc8 20. Rae1 Bg4
21. Qxd5 Be6 22. Qe4 g6 23. Nh4 Bxh4 24. Qxh4 Kh7 25. Qf6 Bxa2 26. Re7 Qg4 27.
c4 h5 28. Rxf7+ Rxf7 29. Qxf7+ Kh6 30. Qf4+ Qxf4 31. Rxf4 Bb3 32. Rf6 Rg8 33.
h4 Rg7 34. d5 b5 35. d6 bxc4 36. d7 Rxd7 37. Rxg6+ Kh7 38. Rd6+ Kg8 39. Bxc4+
Bxc4 40. Rxd7 a6 41. Kf2 Be6 42. Rd6 Bc4 43. Rh6 1-0

[Event "K41 Foraars EMT Gruppe C 2010"]
[Site "Valby"]
[Date "2010.03.16"]
[Round "2"]
[White "Jorgensen, Orla Eilegaard"]
[Black "Wadtland, Flemming"]
[Result "1-0"]
[WhiteElo "1543"]
[BlackElo "1220"]
[PlyCount "105"]
[EventDate "2010.??.??"]

1. Nf3 Nc6 2. g3 e5 3. e4 d6 4. Bg2 Bg4 5. c3 Nf6 6. d3 Qd7 7. h3 Bh5 8. Be3
Be7 9. Nbd2 h6 10. Qc2 Bg6 11. a4 d5 12. exd5 Nxd5 13. Bf1 Nxe3 14. fxe3 Rd8
15. e4 f5 16. O-O-O O-O 17. Nc4 Qe6 18. Nfd2 Rd7 19. Be2 b6 20. Ne3 Bg5 21. d4
Kh7 22. d5 Qe8 23. dxc6 Rd6 24. Nd5 fxe4 25. Qb3 Bf7 26. c4 Qxc6 27. Kb1 Bg6
28. Ka1 Qc5 29. h4 Bxd2 30. Rxd2 Bf7 31. Rhd1 Rfd8 32. Qc3 c6 33. Ne3 Rxd2 34.
Rxd2 Rd4 35. b4 Qf8 36. Rxd4 exd4 37. Qxd4 Qxb4 38. Qxe4+ Bg6 39. Nf5 Qxa4+ 40.
Kb2 Qb4+ 41. Kc2 Qe1 42. h5 Qxg3 43. Nxg3 Bxe4+ 44. Nxe4 g6 45. hxg6+ Kxg6 46.
Nd6 h5 47. Bf3 c5 48. Nc8 h4 49. Nxa7 Kf5 50. Nc8 Kf4 51. Bh1 Ke3 52. Kc3 h3
53. Nxb6 1-0

[Event "K41 Foraars EMT Gruppe C 2010"]
[Site "Valby"]
[Date "2010.03.16"]
[Round "2"]
[White "Krogh, Soren"]
[Black "Mariager, Ruth"]
[Result "1-0"]
[WhiteElo "1309"]
[BlackElo "1000"]
[PlyCount "43"]
[EventDate "2010.??.??"]

1. d4 e6 2. Nf3 Nf6 3. c4 Nc6 4. Nc3 Be7 5. e4 d5 6. e5 Ne4 7. Be2 O-O 8. O-O
Nxc3 9. bxc3 dxc4 10. Bxc4 Na5 11. Bd3 c5 12. Qe2 Qd5 13. Rd1 Bd7 14. Ng5 f5
15. Nf3 Bc6 16. a4 a6 17. c4 Qd7 18. dxc5 Nb3 19. Bc2 Qc7 20. Bxb3 Bxc5 21. Ng5
g6 22. Nxe6 1-0

[Event "K41 Foraars EMT Gruppe C 2010"]
[Site "Valby"]
[Date "2010.03.16"]
[Round "2"]
[White "Olsen, Kim"]
[Black "Mikkelsen, Henning Peter"]
[Result "1-0"]
[WhiteElo "1421"]
[BlackElo "1351"]
[PlyCount "75"]
[EventDate "2010.??.??"]

1. c4 f5 2. Nf3 Nf6 3. d3 e6 4. g3 a6 5. Bg2 Be7 6. O-O O-O 7. b3 Nc6 8. Bb2 d6
9. Nbd2 Qe8 10. e4 e5 11. Qe2 Qh5 12. Rae1 Ng4 13. h3 Nh6 14. Nh4 Qe8 15. Kh2
f4 16. Nf5 Nxf5 17. exf5 Rxf5 18. g4 Rf6 19. Bd5+ Kh8 20. d4 Rh6 21. Rg1 Bg5
22. Nf3 Rxh3+ 23. Kxh3 Qh5+ 24. Kg2 Qxg4+ 25. Kf1 Qh3+ 26. Rg2 Qh1+ 27. Ng1 Bh3
28. dxe5 dxe5 29. Bxe5 Nxe5 30. Qxe5 h6 31. Bxb7 Rf8 32. Bf3 Rf6 33. Qe8+ Kh7
34. Be4+ g6 35. Bd5 Bxg2+ 36. Bxg2 Qxg2+ 37. Kxg2 f3+ 38. Nxf3 1-0

[Event "K41 Foraars EMT Gruppe C 2010"]
[Site "Valby"]
[Date "2010.03.23"]
[Round "3"]
[White "Christensen, Aage Niels"]
[Black "Gjelstrup, Ole"]
[Result "1/2-1/2"]
[WhiteElo "1479"]
[BlackElo "1472"]
[PlyCount "72"]
[EventDate "2010.??.??"]

1. e4 c5 2. Nc3 Nc6 3. Nge2 Nf6 4. g3 d6 5. Bg2 g6 6. O-O Bg7 7. d3 Bd7 8. h3
e6 9. Be3 a6 10. a4 Qc7 11. Qd2 Nb4 12. Bf4 e5 13. Be3 O-O 14. f4 Nc6 15. f5
Nd4 16. Bg5 Bc6 17. g4 Rfe8 18. fxg6 Re6 19. gxf7+ Qxf7 20. Nd5 Rf8 21. Ng3 Qg6
22. Bxf6 Bxf6 23. Nxf6+ Rexf6 24. Rxf6 Rxf6 25. Rf1 Rxf1+ 26. Kxf1 Qf6+ 27. Nf5
Ne6 28. b3 Nf4 29. Qf2 Bd7 30. Qh4 Qxh4 31. Nxh4 Kf7 32. Nf5 Ke6 33. Ng7+ Kf6
34. Nf5 Ke6 35. Ng7+ Kf6 36. Nf5 Ke6 1/2-1/2

[Event "K41 Foraars EMT Gruppe C 2010"]
[Site "Valby"]
[Date "2010.03.24"]
[Round "3"]
[White "Mariager, Ruth"]
[Black "Wadtland, Flemming"]
[Result "0-1"]
[WhiteElo "1000"]
[BlackElo "1220"]
[PlyCount "46"]
[EventDate "2010.??.??"]

1. e4 e5 2. Nf3 d6 3. d4 exd4 4. Nxd4 Nf6 5. Bd3 Nc6 6. Be3 Ne5 7. O-O Nxd3 8.
Qxd3 Bd7 9. Re1 g6 10. c3 Ng4 11. Bf4 Ne5 12. Bxe5 dxe5 13. Nf3 Qe7 14. Na3 a6
15. Nc4 Bg7 16. Rad1 O-O-O 17. Na5 Bb5 18. Qe3 Rxd1 19. Rxd1 Rd8 20. Rd2 Qf8
21. Qa7 Rxd2 22. Nxd2 Qd6 23. Nf3 Qd1+ 0-1

[Event "K41 Foraars EMT Gruppe C 2010"]
[Site "Valby"]
[Date "2010.03.23"]
[Round "3"]
[White "Mikkelsen, Henning Peter"]
[Black "Krogh, Soren"]
[Result "1-0"]
[WhiteElo "1351"]
[BlackElo "1309"]
[PlyCount "49"]
[EventDate "2010.??.??"]

1. d4 e6 2. f3 f5 3. Nc3 Nf6 4. Bg5 d5 5. a3 c6 6. e3 Be7 7. Bd3 O-O 8. Qe2 Bd7
9. Nh3 Qe8 10. Bf4 a5 11. Ng5 Na6 12. h4 b5 13. Be5 a4 14. Na2 Qh5 15. O-O-O
Ra7 16. Rdg1 Rfa8 17. g4 Qe8 18. gxf5 exf5 19. Qg2 Qf8 20. h5 b4 21. Qh3 bxa3
22. Bxf5 axb2+ 23. Kb1 Bxf5 24. Qxf5 Qd8 25. Qe6+ 1-0

[Event "K41 Foraars EMT Gruppe C 2010"]
[Site "Valby"]
[Date "2010.03.23"]
[Round "3"]
[White "Nielsen, Soren Skovso"]
[Black "Nissen, Kaspar"]
[Result "0-1"]
[WhiteElo "1544"]
[BlackElo "1441"]
[PlyCount "90"]
[EventDate "2010.??.??"]

1. Nf3 d5 2. d4 Nf6 3. Nbd2 g6 4. e3 Bg7 5. Bd3 O-O 6. O-O Nbd7 7. c3 c5 8. Bc2
b5 9. b3 b4 10. cxb4 cxb4 11. e4 Bb7 12. e5 Nh5 13. Re1 e6 14. Nf1 Bh8 15. Qd3
a5 16. Bg5 f6 17. exf6 Bxf6 18. Qd2 Ra6 19. Rac1 Rc6 20. Bd3 Bxg5 21. Nxg5 Nf4
22. Nf3 Nxd3 23. Qxd3 Ba6 24. Qd2 Rxc1 25. Rxc1 Nf6 26. Ng3 Ne4 27. Nxe4 dxe4
28. Ng5 Qf6 29. Nxe4 Qf5 30. Qe3 Rd8 31. Re1 Bb7 32. Nc5 Bd5 33. h3 Rd6 34. Qg3
Rd8 35. Qe3 Rd6 36. Nd3 Kg7 37. Nf4 Kg8 38. Nxd5 Qxd5 39. Qc1 Qxd4 40. Qc8+ Kg7
41. Qc7+ Kh6 42. Qxa5 Qc3 43. Re4 Rd4 44. Rxe6 Qc1+ 45. Kh2 Qf4+ 0-1

[Event "K41 Foraars EMT Gruppe C 2010"]
[Site "Valby"]
[Date "2010.03.23"]
[Round "3"]
[White "Olsen, Kim"]
[Black "Jorgensen, Orla Eilegaard"]
[Result "0-1"]
[WhiteElo "1421"]
[BlackElo "1543"]
[PlyCount "124"]
[EventDate "2010.??.??"]

1. c4 Nf6 2. Nc3 g6 3. Nf3 Bg7 4. g3 c6 5. Bg2 d5 6. cxd5 cxd5 7. e3 Nc6 8. d4
Bf5 9. a3 Rc8 10. O-O Qd7 11. Re1 O-O 12. b4 Bh3 13. Bh1 Rfe8 14. Bd2 Bg4 15.
Qb1 Bf5 16. Qa2 e6 17. Bg2 Ne4 18. Nxe4 Bxe4 19. Rec1 a6 20. Be1 Bd3 21. h3 Be4
22. Kh2 h5 23. Qd2 Qd6 24. Ng1 Bxg2 25. Kxg2 Ne7 26. Rxc8 Rxc8 27. Rc1 Rc4 28.
Nf3 b5 29. Rd1 Qc7 30. Qd3 Nf5 31. Nd2 Rc3 32. Qe2 Rxa3 33. g4 hxg4 34. hxg4
Nh6 35. f3 Ra2 36. Qd3 Rc2 37. Bg3 Qc6 38. Kf1 Rc3 39. Qe2 Bf8 40. Bf4 Rc1 41.
Nb3 Rxd1+ 42. Qxd1 Qc4+ 43. Kf2 Qxb4 44. Nc5 Bxc5 45. dxc5 Nxg4+ 46. fxg4 Qxc5
47. Be5 Kf8 48. Qf3 Qc2+ 49. Kg3 Qe4 50. Bd6+ Ke8 51. Qf2 f5 52. gxf5 gxf5 53.
Bc5 Qg4+ 54. Kh2 Kd7 55. Bd4 Kd6 56. Qf1 e5 57. Ba7 d4 58. Qd3 Kd5 59. Bb6 Qh5+
60. Kg2 Qg6+ 61. Kf1 Qxb6 62. Ke2 e4 0-1

[Event "K41 Foraars EMT Gruppe C 2010"]
[Site "Valby"]
[Date "2010.04.06"]
[Round "4"]
[White "Gjelstrup, Ole"]
[Black "Nissen, Kaspar"]
[Result "1/2-1/2"]
[WhiteElo "1472"]
[BlackElo "1441"]
[PlyCount "108"]
[EventDate "2010.??.??"]

1. e4 c5 2. d4 cxd4 3. c3 Nf6 4. e5 Nd5 5. Bc4 Qc7 6. Qe2 d3 7. Qxd3 Qxe5+ 8.
Ne2 Nb6 9. Bb3 Nc6 10. O-O d6 11. Bf4 Bf5 12. Qd2 Qf6 13. Na3 h6 14. Nb5 Kd7
15. Be3 Be6 16. Nf4 Nc4 17. Qe2 Nxe3 18. Qxe3 Bxb3 19. axb3 Qf5 20. Nxa7 Rxa7
21. Rxa7 Nxa7 22. Ra1 Nc6 23. g3 g5 24. Qb6 gxf4 25. Qxb7+ Ke6 26. Qxc6 Bg7 27.
Ra7 Kf6 28. Qc4 fxg3 29. hxg3 h5 30. Qh4+ Qg5 31. Qxg5+ Kxg5 32. Rxe7 Kf6 33.
Rb7 Ra8 34. Rb6 Ke6 35. c4 Bd4 36. Rb5 f5 37. b4 Ra2 38. c5 Rxb2 39. cxd6 Bxf2+
40. Kf1 Bxg3 41. d7 Kxd7 42. Rxf5 h4 43. Rh5 Rxb4 44. Kg2 Ke6 45. Kf3 Rf4+ 46.
Kg2 Rf5 47. Rh6+ Ke5 48. Kh3 Kf4 49. Rh8 Kf3 50. Rh7 Kf2 51. Rh8 Kg1 52. Rh7
Rg5 53. Re7 Bf2 54. Re1+ Bxe1 1/2-1/2

[Event "K41 Foraars EMT Gruppe C 2010"]
[Site "Valby"]
[Date "2010.04.06"]
[Round "4"]
[White "Jorgensen, Orla Eilegaard"]
[Black "Christensen, Aage Niels"]
[Result "1-0"]
[WhiteElo "1543"]
[BlackElo "1479"]
[PlyCount "79"]
[EventDate "2010.??.??"]

1. Nf3 f5 2. d4 Nf6 3. c4 e6 4. Nc3 b6 5. e3 Bb7 6. a3 Be7 7. b4 O-O 8. Bb2 a6
9. Be2 Qe8 10. O-O h6 11. Re1 d6 12. Rc1 Nbd7 13. h3 g5 14. Nh2 h5 15. Bf3 Bxf3
16. Nxf3 g4 17. hxg4 fxg4 18. Ng5 Bd8 19. Nge4 Nh7 20. Rf1 Ndf6 21. f3 Qg6 22.
Nxf6+ Nxf6 23. d5 e5 24. f4 g3 25. fxe5 Qg5 26. exf6 Qh4 27. f7+ Rxf7 28. Rxf7
Qh2+ 29. Kf1 Kxf7 30. Qf3+ Ke7 31. Ne4 Ke8 32. Nxg3 Be7 33. Ke2 h4 34. Nf5 Kd7
35. Nxe7 Kxe7 36. Bf6+ Ke8 37. Qe4+ Kf7 38. Qe7+ Kg6 39. Qg7+ Kh5 40. Qg5# 1-0

[Event "K41 Foraars EMT Gruppe C 2010"]
[Site "Valby"]
[Date "2010.04.06"]
[Round "4"]
[White "Krogh, Soren"]
[Black "Nielsen, Soren Skovso"]
[Result "0-1"]
[WhiteElo "1309"]
[BlackElo "1544"]
[PlyCount "66"]
[EventDate "2010.??.??"]

1. c4 Nf6 2. Nc3 c6 3. e4 d6 4. d4 Nbd7 5. Nf3 g6 6. Be2 Bg7 7. O-O O-O 8. Rb1
a6 9. Qc2 b6 10. Rd1 Bb7 11. a3 Qc7 12. b4 Rac8 13. Bb2 c5 14. d5 Ng4 15. b5 a5
16. Ng5 Nde5 17. f4 Ne3 18. Qd2 Nxd1 19. Rxd1 Nd7 20. Nf3 Rcd8 21. f5 Nf6 22.
Qg5 e6 23. h4 exf5 24. exf5 Rde8 25. a4 Qe7 26. Bf1 Qe3+ 27. Kh1 Qxg5 28. Nxg5
Ng4 29. Nh3 Bc8 30. Bd3 Re3 31. fxg6 fxg6 32. Kg1 Bd4 33. Kh1 Rxd3 0-1

[Event "K41 Foraars EMT Gruppe C 2010"]
[Site "Valby"]
[Date "2010.04.06"]
[Round "4"]
[White "Wadtland, Flemming"]
[Black "Mikkelsen, Henning Peter"]
[Result "0-1"]
[WhiteElo "1220"]
[BlackElo "1351"]
[PlyCount "26"]
[EventDate "2010.??.??"]

1. f4 Nf6 2. b3 b6 3. d3 d5 4. Bb2 e6 5. h3 Bc5 6. d4 Bd6 7. g3 Ne4 8. Qd3 Ba6
9. Qf3 Nc6 10. Nd2 Bb4 11. c3 Nxd4 12. Qg4 Nc2+ 13. Kd1 Nf2+ 0-1

[Event "K41 Foraars EMT Gruppe C 2010"]
[Site "Valby"]
[Date "2010.04.13"]
[Round "5"]
[White "Christensen, Aage Niels"]
[Black "Mariager, Ruth"]
[Result "1-0"]
[WhiteElo "1479"]
[BlackElo "1000"]
[PlyCount "43"]
[EventDate "2010.??.??"]

1. e4 e5 2. f4 f5 3. exf5 exf4 4. Qh5+ g6 5. fxg6 Qe7+ 6. Be2 Nf6 7. Qf3 hxg6
8. Nc3 Rh5 9. d4 Nc6 10. Qd3 Rh6 11. Bxf4 Nb4 12. Qd2 Rh7 13. O-O-O d6 14. a3
Nc6 15. Bg5 Qe6 16. Bd3 Ng4 17. Re1 Nce5 18. dxe5 dxe5 19. Nf3 Bg7 20. h3 Nh6
21. Nxe5 Bd7 22. Bxg6+ 1-0

[Event "K41 Foraars EMT Gruppe C 2010"]
[Site "Valby"]
[Date "2010.04.13"]
[Round "5"]
[White "Mikkelsen, Henning Peter"]
[Black "Gjelstrup, Ole"]
[Result "0-1"]
[WhiteElo "1351"]
[BlackElo "1472"]
[PlyCount "80"]
[EventDate "2010.??.??"]

1. d4 d5 2. e4 dxe4 3. Nc3 f5 4. f3 e5 5. fxe4 exd4 6. Nd5 Qh4+ 7. Kd2 Bd6 8.
Nf3 Qf2+ 9. Be2 fxe4 10. Rf1 Qxg2 11. Nxd4 Qg5+ 12. Ne3 Bf4 13. Rxf4 Qxf4 14.
Qg1 g6 15. Kc3 Bd7 16. Nd5 Qd6 17. Qg5 Bc6 18. Nf4 Ne7 19. Bc4 Na6 20. a3 O-O-O
21. Be3 Nd5+ 22. Nxd5 Bxd5 23. Bf4 Qc5 24. b3 Bxc4 25. Qxc5 Nxc5 26. bxc4 c6
27. Be3 Nd7 28. Rb1 Rde8 29. Rf1 Rhf8 30. Rg1 Ne5 31. Rg3 Nf3 32. Ne2 Nxh2 33.
Bxa7 Nf1 34. Rh3 Rf3+ 35. Rxf3 exf3 36. Ng1 Nh2 37. Bf2 g5 38. Nh3 g4 39. Ng5
Re2 40. Bg3 f2 0-1

[Event "K41 Foraars EMT Gruppe C 2010"]
[Site "Valby"]
[Date "2010.04.13"]
[Round "5"]
[White "Nissen, Kaspar"]
[Black "Jorgensen, Orla Eilegaard"]
[Result "0-1"]
[WhiteElo "1441"]
[BlackElo "1543"]
[PlyCount "108"]
[EventDate "2010.??.??"]

1. Nf3 d5 2. g3 c5 3. Bg2 Nc6 4. O-O Nf6 5. d3 e5 6. c4 d4 7. a3 a5 8. Nbd2 Bd6
9. Ng5 Qc7 10. Nde4 Nxe4 11. Nxe4 f5 12. Nxd6+ Qxd6 13. f4 O-O 14. fxe5 Qxe5
15. Bf4 Qe7 16. Qd2 Bd7 17. Rab1 Rfe8 18. Rfe1 Rac8 19. e3 dxe3 20. Rxe3 Qf6
21. Qc3 Qxc3 22. bxc3 Rxe3 23. Bxe3 Nd8 24. Rb6 Bc6 25. Bxc6 Rxc6 26. Rxc6 Nxc6
27. Bxc5 Ne5 28. d4 Nxc4 29. a4 b6 30. Be7 Kf7 31. Bd8 Ke6 32. Kf2 h6 33. Bc7
g5 34. Ke2 Kd7 35. Kd3 Nb2+ 36. Kc2 Nxa4 37. Be5 b5 38. Bg7 h5 39. Bh6 g4 40.
Bf8 Nb6 41. Kb3 Kc6 42. Be7 a4+ 43. Kb2 Nc4+ 44. Ka2 Ne3 45. Ka3 Nd5 46. Bb4
Nxb4 47. Kxb4 Kd5 48. Ka3 Kc4 49. Kb2 b4 50. cxb4 Kxb4 51. d5 Kc5 52. d6 Kxd6
53. Ka3 Kd5 54. Kxa4 Ke4 0-1

[Event "K41 Foraars EMT Gruppe C 2010"]
[Site "Valby"]
[Date "2010.04.13"]
[Round "5"]
[White "Olsen, Kim"]
[Black "Krogh, Soren"]
[Result "0-1"]
[WhiteElo "1421"]
[BlackElo "1309"]
[PlyCount "90"]
[EventDate "2010.??.??"]

1. c4 b6 2. e3 e6 3. Nc3 Bb7 4. Nf3 f5 5. Be2 Nf6 6. Qc2 Bb4 7. d3 O-O 8. O-O
Na6 9. a3 Be7 10. Bd2 Qe8 11. b4 Qg6 12. e4 fxe4 13. Nh4 Qf7 14. dxe4 c5 15. b5
Nc7 16. Nf3 Rad8 17. Bf4 Na8 18. Rad1 Ng4 19. Bg3 Bf6 20. Bd6 Rfe8 21. e5 Be7
22. Ne4 Qf4 23. Ng3 Qh6 24. h3 Bxf3 25. Bxf3 Bxd6 26. exd6 Ne5 27. Rfe1 Nxf3+
28. gxf3 Qxh3 29. Re5 Qh6 30. Kg2 Rf8 31. Rh1 Qg6 32. Qd2 Rf6 33. Rg5 Qf7 34.
Nh5 Rg6 35. Rh4 Rf8 36. Rxg6 Qxf3+ 37. Kg1 hxg6 38. Nxg7 Qf6 39. Nxe6 dxe6 40.
Rg4 Kg7 41. Qe3 Rh8 42. Re4 Qa1+ 43. Qe1 Qf6 44. Qd2 e5 45. d7 Qf3 0-1

[Event "K41 Foraars EMT Gruppe C 2010"]
[Site "Valby"]
[Date "2010.04.27"]
[Round "6"]
[White "Jorgensen, Orla Eilegaard"]
[Black "Gjelstrup, Ole"]
[Result "1-0"]
[WhiteElo "1543"]
[BlackElo "1472"]
[PlyCount "59"]
[EventDate "2010.??.??"]

1. c4 e6 2. Nc3 d5 3. d4 Nf6 4. Nf3 c6 5. cxd5 exd5 6. Bg5 Be7 7. e3 Bf5 8. h3
Nbd7 9. Bd3 Ne4 10. Bf4 Qa5 11. Qc2 Bb4 12. O-O Ndf6 13. a3 Bxc3 14. bxc3 h5
15. c4 dxc4 16. Qxc4 Qd5 17. Qb4 c5 18. Bb5+ Bd7 19. Bxd7+ Nxd7 20. dxc5 Ndxc5
21. Rfd1 Nd3 22. Qa4+ b5 23. Qc2 Rd8 24. Ne5 Nexf2 25. Rd2 f6 26. Nxd3 Nxd3 27.
Rad1 Qc4 28. Qb1 Nxf4 29. Rxd8+ Kf7 30. exf4 1-0

[Event "K41 Foraars EMT Gruppe C 2010"]
[Site "Valby"]
[Date "2010.04.27"]
[Round "6"]
[White "Krogh, Soren"]
[Black "Nissen, Kaspar"]
[Result "0-1"]
[WhiteElo "1309"]
[BlackElo "1441"]
[PlyCount "46"]
[EventDate "2010.??.??"]

1. d4 Nf6 2. Nc3 g6 3. e4 d6 4. f3 Bg7 5. Be3 O-O 6. Bc4 Nbd7 7. Qd2 e5 8. d5
Nb6 9. Bd3 c6 10. dxc6 bxc6 11. Nge2 Be6 12. O-O Qc7 13. a4 a5 14. Bh6 Nc4 15.
Bxc4 Bxh6 16. Qxh6 Qb6+ 17. Kh1 Bxc4 18. Rab1 Nh5 19. b3 Ba6 20. Rfe1 Qf2 21.
Qd2 Nf4 22. Rg1 Nxe2 23. Rbe1 Ng3+ 0-1

[Event "K41 Foraars EMT Gruppe C 2010"]
[Site "Valby"]
[Date "2010.04.27"]
[Round "6"]
[White "Mariager, Ruth"]
[Black "Mikkelsen, Henning Peter"]
[Result "0-1"]
[WhiteElo "1000"]
[BlackElo "1351"]
[PlyCount "48"]
[EventDate "2010.??.??"]

1. Nf3 f5 2. g3 Nf6 3. Bg2 e6 4. d4 Be7 5. O-O O-O 6. Nc3 d6 7. Re1 Qe8 8. e4
fxe4 9. Nxe4 Nbd7 10. Bg5 h6 11. Bxf6 Nxf6 12. h3 Nh5 13. h4 Qg6 14. Qd3 b6 15.
Rad1 Bb7 16. c4 Rae8 17. Bh3 Kh8 18. c5 bxc5 19. dxc5 Bd5 20. cxd6 cxd6 21. a3
Nf4 22. Qf1 Bxe4 23. Rd4 Bxf3 24. Rxf4 Rxf4 0-1

[Event "K41 Foraars EMT Gruppe C 2010"]
[Site "Valby"]
[Date "2010.04.27"]
[Round "6"]
[White "Wadtland, Flemming"]
[Black "Olsen, Kim"]
[Result "0-1"]
[WhiteElo "1220"]
[BlackElo "1421"]
[PlyCount "84"]
[EventDate "2010.??.??"]

1. c4 c5 2. Nf3 Nf6 3. g3 b6 4. Nc3 Bb7 5. Bg2 Qc7 6. d3 a6 7. Bf4 d6 8. O-O e6
9. Rb1 Be7 10. Qc1 O-O 11. b4 Nbd7 12. Nd1 Rfc8 13. e4 Qd8 14. a3 cxb4 15. axb4
b5 16. Nb2 bxc4 17. Qe3 Nb6 18. dxc4 Nxc4 19. Nxc4 Rxc4 20. Nd2 Rc2 21. Rfc1
Qc8 22. Rxc2 Qxc2 23. Qb3 Qxb3 24. Rxb3 Rc8 25. f3 Nd7 26. Be3 d5 27. Kf2 Bf6
28. exd5 Bxd5 29. Ra3 Nb8 30. Bf1 Rc6 31. Bc5 h6 32. Bd3 Nd7 33. Rxa6 Rxa6 34.
Bxa6 Nxc5 35. bxc5 Bd4+ 36. Ke2 Bxc5 37. Kd3 e5 38. Ne4 Be7 39. Bc4 Bc6 40. Nf2
Bxf3 41. Ne4 Bg2 42. Ke3 g6 0-1

[Event "K41 Foraars EMT Gruppe C 2010"]
[Site "Valby"]
[Date "2010.05.04"]
[Round "7"]
[White "Gjelstrup, Ole"]
[Black "Mariager, Ruth"]
[Result "1-0"]
[WhiteElo "1472"]
[BlackElo "1000"]
[PlyCount "99"]
[EventDate "2010.??.??"]

1. d4 d5 2. Nf3 Nf6 3. b3 e6 4. Bb2 Be7 5. e3 O-O 6. Bd3 Nc6 7. Nbd2 Nb4 8. O-O
Nxd3 9. cxd3 Bd6 10. e4 dxe4 11. dxe4 Bf4 12. Re1 Ng4 13. h3 Nf6 14. Qc2 Nh5
15. Rad1 Qf6 16. Nc4 Bd7 17. d5 e5 18. Ncxe5 Qd6 19. Nxd7 Qxd7 20. e5 Rae8 21.
d6 Qc6 22. Qxc6 bxc6 23. d7 Rd8 24. Ba3 g6 25. Bxf8 Kxf8 26. Re4 Ke7 27. g4
Rxd7 28. Rxd7+ Kxd7 29. gxh5 Bh6 30. hxg6 hxg6 31. Nd4 Bg7 32. f4 c5 33. e6+
Ke7 34. Nc6+ Ke8 35. exf7+ Kxf7 36. Re7+ Kf6 37. Rxc7 Bh6 38. Nxa7 Bxf4 39.
Rxc5 Be3+ 40. Kg2 Bxc5 41. Nc6 Ke6 42. b4 Bb6 43. a4 Kd6 44. a5 Kxc6 45. axb6
Kxb6 46. Kg3 Kb5 47. Kg4 Kxb4 48. Kg5 Kc4 49. h4 Kd4 50. Kxg6 1-0

[Event "K41 Foraars EMT Gruppe C 2010"]
[Site "Valby"]
[Date "2010.05.04"]
[Round "7"]
[White "Nielsen, Soren Skovso"]
[Black "Jorgensen, Orla Eilegaard"]
[Result "0-1"]
[WhiteElo "1544"]
[BlackElo "1543"]
[PlyCount "80"]
[EventDate "2010.??.??"]

1. e4 c5 2. Nf3 d6 3. d4 cxd4 4. Nxd4 Nf6 5. Nc3 Nc6 6. Be2 a6 7. Nxc6 bxc6 8.
e5 Nd5 9. Nxd5 cxd5 10. Qxd5 Be6 11. Qd1 Qa5+ 12. Bd2 Qxe5 13. Bc3 Qc5 14. O-O
Bc4 15. Re1 Bxe2 16. Rxe2 e5 17. Qd2 Be7 18. Bb4 Qb6 19. Bc3 O-O 20. Kh1 f5 21.
Rd1 Kh8 22. Qd5 Qd8 23. a3 a5 24. Qa2 Qb6 25. Qe6 Qc7 26. Bxe5 dxe5 27. Rd7
Qxd7 28. Qxd7 Rad8 29. Qd2 Rxd2 30. Rxd2 Rd8 31. Rxd8+ Bxd8 32. a4 Kg8 33. Kg1
Kf7 34. Kf1 Ke6 35. Ke2 Kd5 36. f3 e4 37. b3 exf3+ 38. gxf3 Kd4 39. h3 Kc3 40.
Kd1 g5 0-1

[Event "K41 Foraars EMT Gruppe C 2010"]
[Site "Valby"]
[Date "2010.05.04"]
[Round "7"]
[White "Nissen, Kaspar"]
[Black "Mikkelsen, Henning Peter"]
[Result "1-0"]
[WhiteElo "1441"]
[BlackElo "1351"]
[PlyCount "69"]
[EventDate "2010.??.??"]

1. Nf3 f5 2. g3 Nf6 3. Bg2 e6 4. O-O d6 5. d4 Be7 6. c4 O-O 7. Nc3 a6 8. b4 Qe8
9. a3 Qg6 10. e3 Nbd7 11. Bb2 Nb6 12. Qe2 c6 13. c5 Nbd5 14. Nxd5 cxd5 15. Rfc1
Ne4 16. c6 bxc6 17. Rxc6 Ra7 18. b5 axb5 19. Qxb5 Bd7 20. Qb6 Rfa8 21. Rc7 Rxc7
22. Qxc7 Qe8 23. Qc2 Rc8 24. Qe2 Bb5 25. Qe1 Rc2 26. Qb1 Rxf2 27. a4 Be2 28.
Nd2 Bf3 29. Bxf3 Rxd2 30. Bxe4 Rxb2 31. Qxb2 dxe4 32. a5 d5 33. a6 Bd6 34. a7
Qa8 35. Qb6 1-0